01670nam a2200349 i 4500003000900000005001700009008004100026017001400067020001700081040004600098041000800144082002800152092000700180099003700187100006700224245014000291264009100431300003100522336002200553337002400575338003300599504006100632546004100693650012800734651001000862856005700872905000700929942001900936999001700955952017400972952017401146EG-GICUC20260121101538.0251225s2003    ua ||||fr|||| 00| 0 ara d  a200216311  a997760670402  a EG-GICUCbarac EG-GICUCd EG-GICUCerda0 aara04221a345.456bع ب . ض04221  aLaw1 07	345.456 ع ب . ض 2003 0 aعبدالعزيز عبدالمنعم خليفة.eمؤلف.12aضمانات التاديب فى التحقيق الادارى والمحاكمة التاديبية /cالطيب حسين محمود. 1a[مكان النشر غير محدد] :b[اسم الناشر غير محدد],c2003.  a359 صفحة ؛ c24 سم.  2rda contentatext  2rda mediaaComputer  2rda carrieraOnline Resource  aيحتوي على ارجاعات ببليوجرافية
  aالنص باللغة العربية14aاجراءات وضمانات تأديب العاملين المدنين بالدولة xالقانون الإداري1 2qrmak40uhttps://fll.law.cu.edu.eg/fulltext/bks/B07-01852.pdf  a75  2ddccBKe21n0  c52519d52519  00102ddc40718القانون الإداريaCUbLAW1d2025-12-25l0oLaw1 07	345.456 ع ب . ض 2003  0701852	C1pB07-01852r2025-12-25 11:44:44t1w2025-12-25yBK  00102ddc40708القانون الإداريaCUbLAW1d2025-12-25l0oLaw1 07	345.456 ع ب . ض 2003  0701853	C2pB07-01853r2025-12-25 11:45:04t2w2025-12-25yBK